[Event "17. Obert Int. Sant Marti 2015 - B"]
[Site "Barcelona ESP"]
[Date "2015.07.21"]
[Round "9.26"]
[White "Romero Funieles, Rafael De Jesus"]
[Black "Centelles Vivas, Aleix"]
[Result "0-1"]
[WhiteElo "1893"]
[BlackElo "2034"]
[PlyCount "88"]
[EventDate "2015.07.13"]
[EventType "swiss"]
[EventRounds "9"]
[EventCountry "ESP"]
[SourceTitle "Ajedrez en Madrid"]
[Source "lmi"]
[SourceDate "2015.07.13"]
[SourceVersion "1"]
[SourceVersionDate "2019.06.21"]
[SourceQuality "1"]

1. e3 f5 2. Be2 Nf6 3. h3 e5 4. Bh5+ g6 5. Be2 Bg7 6. c3 d5 7. Nf3 e4 8. Nd4 c5
9. Bb5+ Bd7 10. Ne6 Qe7 11. Nc7+ Kd8 12. Bxd7 Kxc7 13. Ba4 a6 14. a3 b5 15. Bc2
c4 16. a4 Nc6 17. axb5 axb5 18. Rxa8 Rxa8 19. Na3 Kb6 20. Nb1 Ne5 21. b3 Nd3+
22. Bxd3 exd3 23. bxc4 dxc4 24. O-O Ne4 25. Bb2 Be5 26. Qc1 Bd6 27. Qd1 Qe5 28.
f4 Qe7 29. Kh2 g5 30. g3 Rg8 31. Rg1 Rg6 32. Qf1 gxf4 33. gxf4 Qh4 34. Rxg6
hxg6 35. Qg1 g5 36. Ba3 Bxa3 37. Nxa3 Nxd2 38. e4+ Kc6 39. Qa7 Qxf4+ 40. Kg2
Qf1+ 41. Kg3 Nxe4+ 42. Kh2 Qf2+ 43. Qxf2 Nxf2 44. Nb1 Ne4 0-1

[Event "17. Obert Int. Sant Marti 2015 - B"]
[Site "Barcelona ESP"]
[Date "2015.07.21"]
[Round "9.27"]
[White "Villa Cardenas, Jorge"]
[Black "Salazar Navas, Josep"]
[Result "1-0"]
[WhiteElo "1892"]
[BlackElo "2024"]
[PlyCount "77"]
[EventDate "2015.07.13"]
[EventType "swiss"]
[EventRounds "9"]
[EventCountry "ESP"]
[SourceTitle "Ajedrez en Madrid"]
[Source "lmi"]
[SourceDate "2015.07.13"]
[SourceVersion "1"]
[SourceVersionDate "2019.06.21"]
[SourceQuality "1"]

1. e4 d5 2. exd5 Nf6 3. d4 Nxd5 4. Nf3 g6 5. Bc4 Bg7 6. O-O O-O 7. Re1 Nc6 8.
c3 Re8 9. Na3 Nb6 10. Bf1 e5 11. Bg5 f6 12. Be3 Be6 13. Qc1 Qd7 14. c4 exd4 15.
Rd1 f5 16. Nb5 Qe7 17. Nbxd4 Nxd4 18. Nxd4 Rad8 19. c5 Nd5 20. Bg5 Bf6 21. Nxe6
Qxe6 22. Bc4 c6 23. a4 Kh8 24. b4 Rd7 25. Ra2 Bxg5 26. Qxg5 Qe4 27. Re2 Qxc4
28. Rxe8+ Kg7 29. Qc1 Qb3 30. Qa1+ Kf7 31. Rde1 Nf6 32. Rf8+ Kxf8 33. Qxf6+ Qf7
34. Qh8+ Qg8 35. Re8+ Kxe8 36. Qxg8+ Ke7 37. Qxh7+ Kd8 38. Qg8+ Kc7 39. Kf1 1-0

[Event "17. Obert Int. Sant Marti 2015 - B"]
[Site "Barcelona ESP"]
[Date "2015.07.21"]
[Round "9.28"]
[White "Maynat Diaz, Jose Antonio"]
[Black "Fuentes Barrientos, Carlos"]
[Result "1-0"]
[WhiteElo "2003"]
[BlackElo "1916"]
[PlyCount "39"]
[EventDate "2015.07.13"]
[EventType "swiss"]
[EventRounds "9"]
[EventCountry "ESP"]
[SourceTitle "Ajedrez en Madrid"]
[Source "lmi"]
[SourceDate "2015.07.13"]
[SourceVersion "1"]
[SourceVersionDate "2019.06.21"]
[SourceQuality "1"]

1. e4 d5 2. exd5 Nf6 3. Bb5+ Nbd7 4. Nc3 a6 5. Be2 Nb6 6. Nf3 Nbxd5 7. Nxd5
Qxd5 8. d4 Bg4 9. c4 Qe4 10. O-O O-O-O 11. Be3 c5 12. Ng5 Bxe2 13. Qxe2 Qg6 14.
dxc5 h6 15. Nf3 Qe4 16. Rad1 Rxd1 17. Rxd1 Ng4 18. Qd2 Kb8 19. Qd8+ Ka7 20.
Qb6+ 1-0

[Event "17. Obert Int. Sant Marti 2015 - B"]
[Site "Barcelona ESP"]
[Date "2015.07.21"]
[Round "9.30"]
[White "Llige Porta, Joan"]
[Black "Tortosa Moros, Joan"]
[Result "1-0"]
[WhiteElo "1959"]
[BlackElo "1911"]
[PlyCount "175"]
[EventDate "2015.07.13"]
[EventType "swiss"]
[EventRounds "9"]
[EventCountry "ESP"]
[SourceTitle "Ajedrez en Madrid"]
[Source "lmi"]
[SourceDate "2015.07.13"]
[SourceVersion "1"]
[SourceVersionDate "2019.06.21"]
[SourceQuality "1"]

1. d4 Nf6 2. Bf4 e6 3. Nf3 b6 4. e3 Bb7 5. Nbd2 Be7 6. h3 d6 7. Bd3 Nbd7 8. O-O
O-O 9. Bh2 Re8 10. c3 Bf8 11. Qc2 e5 12. dxe5 Nxe5 13. Nxe5 dxe5 14. Ne4 Nxe4
15. Bxe4 Bxe4 16. Qxe4 Qf6 17. Rad1 Bd6 18. Rd2 Qe6 19. b3 f5 20. Qd5 Qxd5 21.
Rxd5 f4 22. e4 g5 23. Rfd1 Re6 24. Kf1 Rg6 25. f3 h5 26. Bg1 Kf7 27. c4 Rag8
28. c5 bxc5 29. Bxc5 Ke7 30. Bxd6+ Rxd6 31. Rxe5+ Kf6 32. Rxd6+ cxd6 33. Ra5
Rg7 34. Rd5 Ke6 35. Ke2 Rg6 36. Rf5 Ke7 37. Ra5 g4 38. Rxa7+ Ke6 39. hxg4 hxg4
40. Ra8 gxf3+ 41. Kxf3 Ke5 42. Ra5+ Ke6 43. Kxf4 Rxg2 44. Ra6 Rf2+ 45. Ke3 Rb2
46. Kd3 Rb1 47. Ra5 Rd1+ 48. Ke2 Rd4 49. Ke3 Rd1 50. Rb5 Re1+ 51. Kd3 Rd1+ 52.
Ke2 Rd4 53. Ke3 Rd1 54. a4 Re1+ 55. Kd3 Rd1+ 56. Ke2 Rd4 57. Ke3 Rd1 58. a5
Re1+ 59. Kd3 Rd1+ 60. Ke2 Ra1 61. b4 Ra2+ 62. Kd3 Ra3+ 63. Kd4 Ra1 64. Rb8 Rd1+
65. Ke3 Re1+ 66. Kd3 Rd1+ 67. Ke2 Rd4 68. Ke3 Rc4 69. a6 Rc3+ 70. Kd4 Ra3 71.
Rb6 Ra1 72. b5 Ra4+ 73. Kd3 Ra3+ 74. Ke2 Ra4 75. Kf3 Ke5 76. Rb8 Ra3+ 77. Ke2
Kxe4 78. Re8+ Kd5 79. b6 Ra2+ 80. Kd3 Ra3+ 81. Kc2 Ra2+ 82. Kd3 Ra3+ 83. Ke2
Ra2+ 84. Kf3 Ra3+ 85. Kf4 Ra4+ 86. Kf5 Ra5 87. b7 Kc6+ 88. Kf6 1-0

[Event "17. Obert Int. Sant Marti 2015 - B"]
[Site "Barcelona ESP"]
[Date "2015.07.21"]
[Round "9.31"]
[White "Aparici Dealbert, Manel"]
[Black "Rodriguez Isern, Bernat"]
[Result "0-1"]
[WhiteElo "1988"]
[BlackElo "1936"]
[PlyCount "75"]
[EventDate "2015.07.13"]
[EventType "swiss"]
[EventRounds "9"]
[EventCountry "ESP"]
[SourceTitle "Ajedrez en Madrid"]
[Source "lmi"]
[SourceDate "2015.07.13"]
[SourceVersion "1"]
[SourceVersionDate "2019.06.21"]
[SourceQuality "1"]

1. d4 d5 2. c4 c6 3. Nf3 Nf6 4. Nc3 e6 5. Bg5 Nbd7 6. e3 Bb4 7. a3 Bxc3+ 8.
bxc3 Qa5 9. Qb3 Ne4 10. Rc1 Nxg5 11. Nxg5 dxc4 12. Qxc4 Qxg5 13. Qb4 Qe7 14.
Qb2 O-O 15. h4 f5 16. f4 Nf6 17. Bd3 c5 18. Kd2 b6 19. Qb3 Rd8 20. Bxf5 Nd5 21.
Be4 Bb7 22. g4 Rac8 23. g5 cxd4 24. cxd4 Rxc1 25. Rxc1 Qf7 26. Qd1 Nxf4 27.
Bxb7 Qxb7 28. Kc3 Rc8+ 29. Kb2 Qg2+ 30. Kb3 Qd5+ 31. Kb2 Rxc1 32. Kxc1 Qc4+ 33.
Kb1 Qd3+ 34. Qxd3 Nxd3 35. e4 Kf7 36. Kc2 Ne1+ 37. Kc3 Nf3 38. Kc4 0-1

[Event "17. Obert Int. Sant Marti 2015 - B"]
[Site "Barcelona ESP"]
[Date "2015.07.21"]
[Round "9.32"]
[White "Calbet Freixanet, Eduard"]
[Black "Pera Muntasell, Marc"]
[Result "1-0"]
[WhiteElo "1890"]
[BlackElo "1958"]
[PlyCount "53"]
[EventDate "2015.07.13"]
[EventType "swiss"]
[EventRounds "9"]
[EventCountry "ESP"]
[SourceTitle "Ajedrez en Madrid"]
[Source "lmi"]
[SourceDate "2015.07.13"]
[SourceVersion "1"]
[SourceVersionDate "2019.06.21"]
[SourceQuality "1"]

1. d4 d5 2. c4 e6 3. Nc3 Nf6 4. Bg5 Nbd7 5. e3 Be7 6. Nf3 O-O 7. Rc1 b6 8. cxd5
exd5 9. Bd3 Bb7 10. O-O c5 11. dxc5 Nxc5 12. Bb1 h6 13. Bh4 Rc8 14. Bf5 Ra8 15.
Nd4 Nfe4 16. Bxe7 Qxe7 17. f3 Nd6 18. Re1 Qg5 19. Bb1 Rfe8 20. f4 Qd8 21. Qh5
Nc4 22. Nf5 Nxb2 23. Nxh6+ gxh6 24. Qxh6 Nbd3 25. Rcd1 Nxe1 26. Bh7+ Kh8 27.
Bg6+ 1-0

[Event "17. Obert Int. Sant Marti 2015 - B"]
[Site "Barcelona ESP"]
[Date "2015.07.21"]
[Round "9.33"]
[White "Roche Peris, Eduard"]
[Black "Pascual Gonzalez-Novelles, David"]
[Result "1-0"]
[WhiteElo "1958"]
[BlackElo "1869"]
[PlyCount "63"]
[EventDate "2015.07.13"]
[EventType "swiss"]
[EventRounds "9"]
[EventCountry "ESP"]
[SourceTitle "Ajedrez en Madrid"]
[Source "lmi"]
[SourceDate "2015.07.13"]
[SourceVersion "1"]
[SourceVersionDate "2019.06.21"]
[SourceQuality "1"]

1. e4 e5 2. Nf3 d6 3. d4 exd4 4. Qxd4 Nc6 5. Bb5 Bd7 6. Bxc6 Bxc6 7. Nc3 Nf6 8.
O-O Be7 9. Bf4 O-O 10. Rad1 Nh5 11. Be3 Bf6 12. Qd3 Qe7 13. Nd5 Bxd5 14. Qxd5
g6 15. e5 dxe5 16. Bc5 Qe8 17. Bxf8 c6 18. Qb3 Kxf8 19. Rfe1 Nf4 20. Qc3 Nd5
21. Qd2 Kg7 22. c4 Nf4 23. Qd7 Rb8 24. Qxe8 Rxe8 25. Rd7 e4 26. Nd2 Bxb2 27.
Rxe4 Ne6 28. Rxb7 Bc3 29. Nf1 Bd4 30. Rd7 Bb6 31. Nd2 Rb8 32. Rxe6 1-0

[Event "17. Obert Int. Sant Marti 2015 - B"]
[Site "Barcelona ESP"]
[Date "2015.07.21"]
[Round "9.34"]
[White "Serentill Tost, Eduard"]
[Black "Gonzalez Alonso, Marti"]
[Result "0-1"]
[WhiteElo "1808"]
[BlackElo "1949"]
[PlyCount "82"]
[EventDate "2015.07.13"]
[EventType "swiss"]
[EventRounds "9"]
[EventCountry "ESP"]
[SourceTitle "Ajedrez en Madrid"]
[Source "lmi"]
[SourceDate "2015.07.13"]
[SourceVersion "1"]
[SourceVersionDate "2019.06.21"]
[SourceQuality "1"]

1. e4 e5 2. Nf3 Nf6 3. Nc3 Nc6 4. Bb5 d6 5. d4 Bd7 6. O-O exd4 7. Nxd4 Be7 8.
Nxc6 Bxc6 9. Bxc6+ bxc6 10. Qf3 Nd7 11. b3 O-O 12. Bb2 Bf6 13. Rad1 Re8 14. Na4
Bxb2 15. Nxb2 Qe7 16. Qh3 Qe6 17. Qxe6 Rxe6 18. f3 Rae8 19. Nd3 Ne5 20. Nxe5
Rxe5 21. Rd2 f5 22. exf5 Rxf5 23. Rff2 Rfe5 24. g3 Re1+ 25. Kg2 Ra1 26. c4 Rae1
27. f4 R8e3 28. Rc2 c5 29. Rf1 R1e2+ 30. Rxe2 Rxe2+ 31. Rf2 Re3 32. Kf1 Kf7 33.
Re2 Rxe2 34. Kxe2 Ke6 35. Kf3 c6 36. Ke4 d5+ 37. cxd5+ cxd5+ 38. Kd3 h5 39. h3
Kf5 40. Ke3 a5 41. Kd3 h4 0-1

[Event "17. Obert Int. Sant Marti 2015 - B"]
[Site "Barcelona ESP"]
[Date "2015.07.21"]
[Round "9.35"]
[White "Valbuena Castro, Gregorio"]
[Black "Gomez Guinovart, Josep Manel"]
[Result "0-1"]
[WhiteElo "1944"]
[BlackElo "1861"]
[PlyCount "59"]
[EventDate "2015.07.13"]
[EventType "swiss"]
[EventRounds "9"]
[EventCountry "ESP"]
[SourceTitle "Ajedrez en Madrid"]
[Source "lmi"]
[SourceDate "2015.07.13"]
[SourceVersion "1"]
[SourceVersionDate "2019.06.21"]
[SourceQuality "1"]

1. e4 e6 2. d4 d5 3. e5 c5 4. c3 Nc6 5. Nf3 Qb6 6. Bd3 Bd7 7. O-O cxd4 8. cxd4
Nxd4 9. Nxd4 Qxd4 10. Nc3 Qxe5 11. Re1 Qd6 12. Nb5 Qb8 13. Qf3 Bd6 14. Qxd5
Bxh2+ 15. Kh1 a6 16. Nd4 Ne7 17. Qh5 Bf4 18. Nxe6 Bxe6 19. Rxe6 Bxc1 20. Rxc1
g6 21. Bxg6 fxg6 22. Qe2 Qf4 23. Rxe7+ Kf8 24. Rcc7 Rb8 25. Rg7 Re8 26. Rge7
Qh4+ 27. Kg1 Rxe7 28. Rc8+ Kg7 29. Rc7 Rhe8 30. Qe5+ 0-1

[Event "17. Obert Int. Sant Marti 2015 - B"]
[Site "Barcelona ESP"]
[Date "2015.07.21"]
[Round "9.36"]
[White "Palomero Galvez, Antoni"]
[Black "Llopis Jordan, Lluis"]
[Result "1-0"]
[WhiteElo "1762"]
[BlackElo "1936"]
[PlyCount "91"]
[EventDate "2015.07.13"]
[EventType "swiss"]
[EventRounds "9"]
[EventCountry "ESP"]
[SourceTitle "Ajedrez en Madrid"]
[Source "lmi"]
[SourceDate "2015.07.13"]
[SourceVersion "1"]
[SourceVersionDate "2019.06.21"]
[SourceQuality "1"]

1. d4 Nf6 2. c4 g6 3. g3 Bg7 4. Bg2 d6 5. Nf3 O-O 6. Nc3 Nbd7 7. e4 Re8 8. O-O
c5 9. d5 h6 10. h3 a6 11. Be3 Rb8 12. Qd2 b5 13. cxb5 axb5 14. Nh2 b4 15. Ne2
Ba6 16. Rfe1 Nb6 17. b3 Nfd7 18. Rac1 Bxe2 19. Rxe2 Bc3 20. Qc2 Kh7 21. f4 Ra8
22. Bd2 Bg7 23. Be3 Ra5 24. g4 Qa8 25. Qb1 Rc8 26. Nf3 Qa6 27. Bf1 Ra8 28. Rcc2
Nc8 29. g5 h5 30. f5 Na7 31. Rg2 Qb7 32. fxg6+ fxg6 33. Qd1 Nb5 34. Bxb5 Qxb5
35. Nh4 Qa6 36. Nf5 Bf8 37. Ng3 Ne5 38. Nxh5 gxh5 39. Qxh5+ Kg8 40. g6 Bg7 41.
Qh7+ Kf8 42. Rgf2+ Ke8 43. Qxg7 Qd3 44. Qg8+ Kd7 45. Qe6+ Ke8 46. g7 1-0

[Event "17. Obert Int. Sant Marti 2015 - B"]
[Site "Barcelona ESP"]
[Date "2015.07.21"]
[Round "9.37"]
[White "Rius Riu, Gerard"]
[Black "Cassi De La Viuda, Àlex"]
[Result "1-0"]
[WhiteElo "1936"]
[BlackElo "1727"]
[PlyCount "101"]
[EventDate "2015.07.13"]
[EventType "swiss"]
[EventRounds "9"]
[EventCountry "ESP"]
[SourceTitle "Ajedrez en Madrid"]
[Source "lmi"]
[SourceDate "2015.07.13"]
[SourceVersion "1"]
[SourceVersionDate "2019.06.21"]
[SourceQuality "1"]

1. d4 Nf6 2. c4 e5 3. dxe5 Ne4 4. Nf3 b6 5. e3 Be7 6. Be2 O-O 7. O-O Bb7 8.
Nbd2 d6 9. exd6 Bxd6 10. Qc2 Re8 11. Rd1 Nd7 12. b3 Ndf6 13. Bb2 Ng4 14. Nxe4
Bxe4 15. Qc3 f6 16. h3 Nh6 17. Ne1 Qe7 18. Bf3 Bxf3 19. Nxf3 Nf7 20. Qc2 Rad8
21. Nd4 Qd7 22. Nf5 Qe6 23. Nd4 Qd7 24. Nf3 Qe7 25. Re1 c5 26. Rad1 Ne5 27.
Nxe5 Bxe5 28. Bxe5 Rxd1 29. Rxd1 Qxe5 30. Qd2 Qb8 31. Qd5+ Kh8 32. Qd7 Rf8 33.
Rd6 h6 34. f3 Re8 35. Kf2 Kh7 36. Qf5+ Kh8 37. Qd5 Kh7 38. Rd7 Kh8 39. Qf7 Rg8
40. Rxa7 Qe5 41. Qe7 Qb2+ 42. Kg3 Qd2 43. Kh2 Qe1 44. Rb7 Qb4 45. Qc7 Qa3 46.
Rxb6 Qxa2 47. Qxc5 Re8 48. Rb7 Qf2 49. Qc7 Rg8 50. Qe7 h5 51. Qf7 1-0

[Event "17. Obert Int. Sant Marti 2015 - B"]
[Site "Barcelona ESP"]
[Date "2015.07.21"]
[Round "9.38"]
[White "Mas Sayos, Lluis"]
[Black "Domenche Redondo, Francesc"]
[Result "1-0"]
[WhiteElo "1863"]
[BlackElo "1947"]
[PlyCount "91"]
[EventDate "2015.07.13"]
[EventType "swiss"]
[EventRounds "9"]
[EventCountry "ESP"]
[SourceTitle "Ajedrez en Madrid"]
[Source "lmi"]
[SourceDate "2015.07.13"]
[SourceVersion "1"]
[SourceVersionDate "2019.06.21"]
[SourceQuality "1"]

1. c4 e6 2. e4 c6 3. d4 d5 4. Nc3 dxe4 5. Nxe4 Nf6 6. Nxf6+ Qxf6 7. Nf3 h6 8.
Bd2 Bd6 9. Bc3 Qe7 10. a3 Nd7 11. Bd3 O-O 12. O-O Nf6 13. Re1 Qc7 14. Ne5 Bd7
15. b4 Rfe8 16. Bc2 Bxe5 17. dxe5 Nh7 18. Qd3 Nf8 19. Rad1 Rad8 20. Qg3 Bc8 21.
Rd6 f5 22. Red1 Qe7 23. h4 Nh7 24. R1d4 Rxd6 25. exd6 Qd7 26. Rd1 Nf8 27. c5
Qf7 28. Bb3 Bd7 29. a4 a6 30. Bc4 Qg6 31. Qe5 Qf7 32. Rd3 Ng6 33. Qh2 h5 34.
Rg3 Kh7 35. Rg5 Kh6 36. Be2 Nh8 37. Rxg7 Qxg7 38. Bxg7+ Kxg7 39. Bxh5 Rf8 40.
Qg3+ Kh7 41. Qg5 Rg8 42. Qe7+ Rg7 43. Qd8 e5 44. Be8 Be6 45. d7 Bd5 46. Qg5 1-0

[Event "17. Obert Int. Sant Marti 2015 - B"]
[Site "Barcelona ESP"]
[Date "2015.07.21"]
[Round "9.39"]
[White "Hinarejos Montano, Andres"]
[Black "Salvador Muñoz, Josep M|_"]
[Result "0-1"]
[WhiteElo "1854"]
[BlackElo "1936"]
[PlyCount "71"]
[EventDate "2015.07.13"]
[EventType "swiss"]
[EventRounds "9"]
[EventCountry "ESP"]
[SourceTitle "Ajedrez en Madrid"]
[Source "lmi"]
[SourceDate "2015.07.13"]
[SourceVersion "1"]
[SourceVersionDate "2019.06.21"]
[SourceQuality "1"]

1. d4 d5 2. Nf3 Nf6 3. e3 g6 4. c4 dxc4 5. Bxc4 Bg7 6. O-O O-O 7. Nc3 c6 8. h3
e6 9. Bd2 Nbd7 10. a3 b6 11. Bb3 Bb7 12. e4 Rc8 13. e5 Nd5 14. Nxd5 cxd5 15.
Rc1 Nb8 16. Rxc8 Qxc8 17. Bb4 Rd8 18. Qd2 Qd7 19. Rc1 Rc8 20. Rxc8+ Qxc8 21.
Qf4 Qd8 22. Ng5 Qd7 23. Qh4 h6 24. Nf3 Nc6 25. Bd2 Qe7 26. Qg4 Kh7 27. Bc2 Qe8
28. Qh4 Qe7 29. Qg3 Qe8 30. h4 Ne7 31. Qh3 Kg8 32. g4 Bc8 33. Qf1 Bd7 34. Qc1
Kh7 35. Kg2 Qc8 36. Bd3 0-1

[Event "17. Obert Int. Sant Marti 2015 - B"]
[Site "Barcelona ESP"]
[Date "2015.07.21"]
[Round "9.40"]
[White "Jimenez Dominguez, Albert"]
[Black "Lopez Abaurrea, Eduard"]
[Result "1-0"]
[WhiteElo "1927"]
[BlackElo "1756"]
[PlyCount "59"]
[EventDate "2015.07.13"]
[EventType "swiss"]
[EventRounds "9"]
[EventCountry "ESP"]
[SourceTitle "Ajedrez en Madrid"]
[Source "lmi"]
[SourceDate "2015.07.13"]
[SourceVersion "1"]
[SourceVersionDate "2019.06.21"]
[SourceQuality "1"]

1. e4 c6 2. d4 d5 3. exd5 cxd5 4. c3 Nf6 5. Bf4 e6 6. Nf3 Bd6 7. Ne5 O-O 8. Nd2
Be7 9. Bd3 b6 10. g4 Nfd7 11. Ndf3 f6 12. Nxd7 Nxd7 13. Bc2 Bb7 14. Qd3 f5 15.
gxf5 exf5 16. Rg1 Rf7 17. O-O-O Bc8 18. Ne5 Nxe5 19. dxe5 Be6 20. Qh3 Kh8 21.
Rg6 Qd7 22. Bb3 Kg8 23. Rxe6 Qxe6 24. Bxd5 Qxd5 25. Rxd5 Rd8 26. Rxd8+ Bxd8 27.
Qd3 Rf8 28. e6 g6 29. Bh6 Re8 30. Qd7 1-0

[Event "17. Obert Int. Sant Marti 2015 - B"]
[Site "Barcelona ESP"]
[Date "2015.07.21"]
[Round "9.41"]
[White "Escofet Llongueras, Joan"]
[Black "Beltran Vidal, Daniel"]
[Result "1/2-1/2"]
[WhiteElo "1921"]
[BlackElo "1852"]
[PlyCount "46"]
[EventDate "2015.07.13"]
[EventType "swiss"]
[EventRounds "9"]
[EventCountry "ESP"]
[SourceTitle "Ajedrez en Madrid"]
[Source "lmi"]
[SourceDate "2015.07.13"]
[SourceVersion "1"]
[SourceVersionDate "2019.06.21"]
[SourceQuality "1"]

1. c4 c5 2. Nc3 Nc6 3. g3 Nf6 4. Bg2 e6 5. e3 d5 6. cxd5 exd5 7. d4 Be7 8. Nge2
O-O 9. O-O Be6 10. Nf4 Qd7 11. Nxe6 fxe6 12. a3 c4 13. b4 cxb3 14. Qxb3 Na5 15.
Qb5 Qxb5 16. Nxb5 Rfc8 17. a4 a6 18. Ba3 Bxa3 19. Nxa3 Rc3 20. Rfc1 Rac8 21.
Rxc3 Rxc3 22. Bf1 Ne4 23. Be2 Nd6 1/2-1/2

[Event "17. Obert Int. Sant Marti 2015 - B"]
[Site "Barcelona ESP"]
[Date "2015.07.21"]
[Round "9.43"]
[White "Martin Sanchez, Antoni"]
[Black "Khudov, Oleksandr"]
[Result "1-0"]
[WhiteElo "1903"]
[BlackElo "1528"]
[PlyCount "63"]
[EventDate "2015.07.13"]
[EventType "swiss"]
[EventRounds "9"]
[EventCountry "ESP"]
[SourceTitle "Ajedrez en Madrid"]
[Source "lmi"]
[SourceDate "2015.07.13"]
[SourceVersion "1"]
[SourceVersionDate "2019.06.21"]
[SourceQuality "1"]

1. d4 d5 2. Nf3 e6 3. Nbd2 f5 4. g3 Nf6 5. Bg2 Bd6 6. e3 O-O 7. O-O Nbd7 8. c4
c6 9. b3 e5 10. dxe5 Nxe5 11. Nxe5 Bxe5 12. Rb1 Ne4 13. Bb2 Bxb2 14. Rxb2 Be6
15. Rc2 Qa5 16. Nxe4 dxe4 17. Qd2 Qe5 18. Rfc1 Rad8 19. Qb4 Rd7 20. c5 Rfd8 21.
Bf1 Kh8 22. Kg2 g5 23. Bc4 f4 24. exf4 gxf4 25. Re1 f3+ 26. Kg1 Bxc4 27. Rxc4
Rd4 28. Qc3 Kg8 29. h3 Qd5 30. Qe3 Rxc4 31. bxc4 Qxc4 32. Qg5+ 1-0

[Event "17. Obert Int. Sant Marti 2015 - B"]
[Site "Barcelona ESP"]
[Date "2015.07.21"]
[Round "9.44"]
[White "Pascual Duran, Pau"]
[Black "Romano Cases, Jordi"]
[Result "0-1"]
[WhiteElo "1897"]
[BlackElo "1700"]
[PlyCount "82"]
[EventDate "2015.07.13"]
[EventType "swiss"]
[EventRounds "9"]
[EventCountry "ESP"]
[SourceTitle "Ajedrez en Madrid"]
[Source "lmi"]
[SourceDate "2015.07.13"]
[SourceVersion "1"]
[SourceVersionDate "2019.06.21"]
[SourceQuality "1"]

1. e4 e5 2. Nf3 Nc6 3. Bb5 Nf6 4. O-O Nxe4 5. d4 exd4 6. Re1 d5 7. Qxd4 Be6 8.
Ne5 Bc5 9. Nxc6 bxc6 10. Bxc6+ Kf8 11. Qe5 Bxf2+ 12. Kf1 Bxe1 13. Bxa8 Qh4 14.
Qf4 Qf2+ 15. Qxf2 Bxf2 16. Bf4 Ke7 17. Bc6 h6 18. b4 Bd4 19. c3 Nxc3 20. Nxc3
Bxc3 21. Rb1 Bf5 22. Rd1 d4 23. Be5 Bc2 24. Rc1 Bd3+ 25. Kf2 f6 26. Bf4 g5 27.
Bg3 h5 28. h3 Rc8 29. b5 Bd2 30. Rd1 Be3+ 31. Kf3 g4+ 32. hxg4 hxg4+ 33. Kxg4
Be2+ 34. Bf3 Rg8+ 35. Kh3 Bxd1 36. Bxd1 Rc8 37. Kg4 c5 38. a4 c4 39. a5 d3 40.
b6 axb6 41. axb6 Bxb6 0-1

[Event "17. Obert Int. Sant Marti 2015 - B"]
[Site "Barcelona ESP"]
[Date "2015.07.21"]
[Round "9.45"]
[White "Martinez Navarro, Miquel"]
[Black "Muñoz Jordan, Carlos"]
[Result "0-1"]
[WhiteElo "1781"]
[BlackElo "1889"]
[PlyCount "74"]
[EventDate "2015.07.13"]
[EventType "swiss"]
[EventRounds "9"]
[EventCountry "ESP"]
[SourceTitle "Ajedrez en Madrid"]
[Source "lmi"]
[SourceDate "2015.07.13"]
[SourceVersion "1"]
[SourceVersionDate "2019.06.21"]
[SourceQuality "1"]

1. d4 Nf6 2. c4 c5 3. d5 b5 4. e3 bxc4 5. Bxc4 d6 6. Nc3 g6 7. Nf3 Bg7 8. O-O
O-O 9. e4 Nbd7 10. Re1 Ng4 11. Qc2 Nge5 12. Be2 Nxf3+ 13. Bxf3 Ne5 14. Be2 Qc7
15. b3 c4 16. Nb5 Qa5 17. Nc3 Nd3 18. Bd2 Nxe1 19. Rxe1 cxb3 20. axb3 Qc7 21.
Bc4 Bd7 22. Rb1 Rfc8 23. Qd3 Qb6 24. Be3 Qb8 25. h3 a6 26. Na4 Bxa4 27. bxa4
Qc7 28. Bxa6 Qc2 29. Qxc2 Rxc2 30. Bb5 Bc3 31. Bb6 Rb8 32. a5 Ra2 33. Bc4 Ra4
34. Bb5 Ra3 35. Bc7 Rb7 36. Bb6 Bxa5 37. Be3 Bc3 0-1

[Event "17. Obert Int. Sant Marti 2015 - B"]
[Site "Barcelona ESP"]
[Date "2015.07.21"]
[Round "9.46"]
[White "Valero Recalde, Pablo"]
[Black "Varela Cuadrado, Cesar"]
[Result "0-1"]
[WhiteElo "1800"]
[BlackElo "1876"]
[PlyCount "120"]
[EventDate "2015.07.13"]
[EventType "swiss"]
[EventRounds "9"]
[EventCountry "ESP"]
[SourceTitle "Ajedrez en Madrid"]
[Source "lmi"]
[SourceDate "2015.07.13"]
[SourceVersion "1"]
[SourceVersionDate "2019.06.21"]
[SourceQuality "1"]

1. d4 f5 2. c4 Nf6 3. h4 d6 4. Bg5 Nbd7 5. e3 h6 6. Bxf6 Nxf6 7. Be2 g6 8. Nh3
e5 9. dxe5 dxe5 10. Qxd8+ Kxd8 11. Nc3 c6 12. O-O-O+ Kc7 13. c5 Be6 14. Ng1 Bg7
15. Nf3 Ng4 16. Rhf1 Rhd8 17. Nd2 Nf6 18. Nc4 Nd5 19. Nb1 b6 20. cxb6+ axb6 21.
a3 b5 22. Ncd2 Nb6 23. e4 Na4 24. f3 h5 25. Rg1 Bh6 26. Kc2 Be3 27. Rh1 f4 28.
Nb3 Rxd1 29. Rxd1 Rd8 30. N3d2 Bf2 31. Rh1 Ba2 32. b3 Bxb1+ 33. Nxb1 Nc5 34.
Kc3 Ne6 35. Bd1 Be3 36. b4 Nd4 37. a4 bxa4 38. Bxa4 Nb5+ 39. Kc2 Rd4 40. Kb3
Kd7 41. Rf1 Nd6 42. Kc3 Rc4+ 43. Kb3 Rc1 44. Rxc1 Bxc1 45. Nc3 Be3 46. b5 cxb5
47. Nxb5 Nxb5 48. Bxb5+ Ke6 49. Be8 Kf6 50. Kc4 Bf2 51. Kd5 Bxh4 52. Bd7 Bf2
53. Bh3 Bd4 54. Kd6 Kg5 55. Ke6 Kh4 56. Kf6 g5 57. Bf5 g4 58. fxg4 hxg4 59. Kg6
f3 60. gxf3 g3 0-1

[Event "17. Obert Int. Sant Marti 2015 - B"]
[Site "Barcelona ESP"]
[Date "2015.07.21"]
[Round "9.47"]
[White "Espadero Roda, Francesc"]
[Black "Vidal Moll, Francesc"]
[Result "0-1"]
[WhiteElo "1862"]
[BlackElo "1791"]
[PlyCount "144"]
[EventDate "2015.07.13"]
[EventType "swiss"]
[EventRounds "9"]
[EventCountry "ESP"]
[SourceTitle "Ajedrez en Madrid"]
[Source "lmi"]
[SourceDate "2015.07.13"]
[SourceVersion "1"]
[SourceVersionDate "2019.06.21"]
[SourceQuality "1"]

1. d4 f5 2. c4 Nf6 3. Nc3 e6 4. Bg5 c6 5. e4 fxe4 6. Nxe4 Be7 7. Bxf6 Qa5+ 8.
Nc3 Bxf6 9. Nf3 O-O 10. Bd3 d5 11. O-O Nd7 12. Qc2 g6 13. Rfe1 Re8 14. Bxg6
hxg6 15. Qxg6+ Kf8 16. Ne5 Bxe5 17. dxe5 Re7 18. Re3 Rf7 19. Rae1 Ke7 20. Qg5+
Ke8 21. Qg8+ Nf8 22. Qg4 Qc7 23. Ne2 b6 24. f4 Qe7 25. Ng3 d4 26. Rd3 c5 27.
Ne4 Rg7 28. Nd6+ Kd7 29. Qf3 Rb8 30. f5 exf5 31. Nxf5 Bb7 32. Nxe7 Bxf3 33.
Rxf3 Kxe7 34. Rf6 Rg6 35. Ref1 Rxf6 36. exf6+ Kf7 37. g4 Nh7 38. h4 Kg6 39. f7
Rf8 40. Kg2 Rxf7 41. Rxf7 Kxf7 42. Kf3 Kf6 43. Ke4 Nf8 44. a3 Ng6 45. g5+ Ke6
46. h5 Nh8 47. b4 Nf7 48. Kf4 d3 49. Ke3 d2 50. Kxd2 Nxg5 51. Ke3 Ke5 52. bxc5
bxc5 53. a4 a5 54. h6 Kf5 55. Kd3 Kg6 56. h7 Kxh7 57. Ke3 Kg7 58. Kf4 Ne6+ 59.
Ke5 Kf7 60. Kd5 Kf6 61. Kc6 Ke5 62. Kb5 Kd4 63. Kxa5 Kxc4 64. Kb6 Kb4 65. a5
Nc7 66. Kc6 Nb5 67. Kd5 Na7 68. a6 Nb5 69. Ke4 c4 70. Ke3 c3 71. Ke2 Kb3 72.
Kd1 Kb2 0-1